000 00282nam a22001337a 4500
008 170713b xxu||||| |||| 00| 0 eng d
020 _a9780543223142
041 _aeng
080 _a17
100 _a24
101 _aFIL
245 _aBIOETHICS
_cBEAUCHAMP, T.L
942 _2udc
_cBK
999 _c20562
_d20562